000 00387nam a22001577a 4500
003 OSt
008 250320b |||||||| |||| 00| 0 eng d
020 _a9780070680739
082 _a621.992
_bJOS/JI
100 _aJoshi,P.H
_9732
245 _aJigs and Fixtures
250 _a3 rd
260 _aNew Delhi
_bTata McGraw Hill Education Private Limited
_c2012
300 _a276
942 _cBK
999 _c14441
_d14441